South Asian Geography By Letter - S - Statistics

General Stats
  • This quiz has been taken 184 times
  • The average score is 12 of 20
Answer Stats
Hint Answer % Correct
Island called the "Teardrop of India" Sri Lanka
99%
Ancient trade route the Khyber Passwas a crucial part of Silk Road
92%
Pakistan, India, andBangladesh collectively Indian{Subcontinent}
82%
Ancient Indian language Sanskrit
78%
Nepalese ethnic group who areexcellent mountain climbers Sherpa
77%
Type of leopard that is the nationalanimal of Afghanistan {Snowy} Leopard
76%
Religion founded by Guru Nanak Sikhism
75%
Islam sect practiced by most of the Hazara people Shia
73%
Capital of that island Sri Jayawardenepura Kotte
73%
God worshiped by the Shaivists Shiva
67%
Most commonly spoken language of the above Sinhalese
61%
South Gujarat's main city Surat
52%
Former title of the Afghan king Shah
48%
State separating Bhutan and Nepal Sikkim
41%
Largest city of Jammu and Kashmir Srinagar
37%
Mangrove region of Bengal that ishome to many tigers Sunderbans
37%
Karachi's province Sindh
35%
City where most of Bangladesh's tea and gas is produced Sylhet
24%
Island on which Mumbai is situated Salsette
20%
Narrow strip of land that is the entrance to Northeast India {Siliguri} Corridor
10%
No matching quizzes found
Score Distribution
Percent of People with Each Score
Percentile by Number Answered
Your Score History
You have not taken this quiz